| 000 | 01032cam a2200313 4500 | ||
|---|---|---|---|
| 001 | WB3723-10 | ||
| 008 | 000000n2001 000 0 eng u | ||
| 035 | _a(Sirsi) u113093 | ||
| 245 | _aFinancial Times survey: investing in property | ||
| 260 | _c2001 | ||
| 490 |
_aFinancial Times _v 13 June 2001, (12) LOAN |
||
| 520 | _aSurvey covering a number of topics on property investment such as buy-to-let, buying overseas, buying off-plan and tax havens. Also profiles on London, Geneva, New York and San Francisco. | ||
| 590 | _aWB | ||
| 650 | _aPROPERTY INVESTMENT | ||
| 650 | _aREAL ESTATE | ||
| 650 | _aBUY-TO-LET | ||
| 650 | _aCITY CENTRE | ||
| 650 | _aLONDON | ||
| 650 | _aGENEVA | ||
| 650 | _aNEW YORK | ||
| 650 | _aSAN FRANCISCO | ||
| 650 | _aOFF-PLAN BUYING | ||
| 650 | _aOVERSEAS PROPERTY INVESTMENT | ||
| 650 | _aSERVICED APARTMENTS | ||
| 650 | _aTAX HAVENS | ||
| 650 | _aRECREATIONAL FACILITIES | ||
| 690 | _aPROPERTY-COMMERCIAL PROPERTY-COMMERCIAL PROPERTY FINANCE AND INVESTMENT | ||
| 942 | _n0 | ||
| 999 |
_c67324 _d67324 |
||